Zrušenie obchodnej spoločnosti bez likvidácie v dôsledku splynutie z pohľadu účtovníctva diplomová práca

Guardado en:
Detalles Bibliográficos
Autor principal: Rybárová, Marta
Autor Corporativo: Fakulta hospodárskej informatiky EU. Katedra účtovníctva a audítorstva
Otros Autores: Máziková, Katarína
Formato: Libro
Lenguaje:eslovaco
Publicado: Bratislava 2013
Etiquetas: Agregar Etiqueta
Sin Etiquetas, Sea el primero en etiquetar este registro!

MARC

LEADER 00000nbm a2200000 4500
001 0171513
005 20161109102437.7
041 0 |a slo 
044 |a SK 
245 1 0 |a Zrušenie obchodnej spoločnosti bez likvidácie v dôsledku splynutie z pohľadu účtovníctva  |b diplomová práca  |c Marta Rybárová ; školiteľ: Katarína Máziková 
264 1 |a Bratislava  |c 2013 
300 |a 65 s. 
100 1 |a Rybárová, Marta 
700 1 |a Máziková, Katarína 
710 2 |a Fakulta hospodárskej informatiky EU. Katedra účtovníctva a audítorstva